000 00526nam a2200169Ia 4500
008 240729s9999 xx 000 0 und d
022 _a2435-7685
245 0 _aEnvironmental Monitoring and Contaminants Research
260 _aJapan
260 _bJapan Society for Environmental Chemistry
650 _a Environmental pollution
650 _a Environmental technology. Sanitary engineering
650 _aTechnology
856 _uhttps://doaj.org/toc/2391b718d42843bca2a0d8b236a81f57
942 _2ddc
942 _cDOAJEJ
999 _c67291
_d67291
945 _a1
_bMadushi Gamage
_c1
_dMadushi Gamage